Statystyki dla Quiz o Grenlandii

Kliknij tutaj aby rozwiązać quiz!

Ogólne statystyki

  • Ten quiz został rozwiązany 98 razy
  • Średni wynik to 7 z 17

Statystyki odpowiedzi

PytanieOdpowiedź% Poprawnych
Język urzędowyDuński
84%
Państwo graniczące z GrenlandiąKanada (Wyspa Hans)
84%
StolicaNuuk
84%
Zależna odDania
80%
Język urzędowyGrenlandzki
60%
WalutaKorona Duńska
52%
Zwierzę przedstawione na HerbieNiedźwiedź Polarny
52%
Ocean nad którym leży GrenalndiaOcean Atlantycki
52%
Domena Internetowa.gl
48%
Przeważająca NarodowośćInuici
32%
Liczba ludności60 tyś.
16%
Trzecie pod względem ludności miastoIlulissat
8%
Najpopularniejszy SportPiłka Ręczna
8%
Drugie pod względem ludności miastoSisimiut
8%
Najwyższa GóraGóra Gunnbjørna
4%
Największe wyznanie na GrenlandiiKościół Luterański
4%
Nazwa hymnu po polskuNasz stary Kraju
4%

Rozkład punktacji

Percentyl według liczby udzielonych odpowiedzi

Procent ludzi z każdym wynikiem

Twoja historia wyników

Nie rozwiązałeś tego quizu